| 000 | 00444nam a2200169Ia 4500 | ||
|---|---|---|---|
| 008 | 210210b1986 xxu||||| |||| 00| 0 eng d | ||
| 082 | _a546 CHHA | ||
| 100 | _aCHHATWAL (Gurudeep R) | ||
| 245 | _aAdvanced inorganic chemistry. Ed 10 | ||
| 250 | _a | ||
| 260 |
_aMeerut _bGoel Publishing house _c1986 |
||
| 300 | _aiii,1178,v | ||
| 650 | _aInorganic Chemistry | ||
| 690 | _aInorganic Chemistry | ||
| 700 | _aMEHRA (Harish) | ||
| 906 | _a037248 | ||
| 999 |
_c87392 _d87392 |
||